Stairway to Somewhere Quiz Stats

Quiz Updated Jun 14, 2016

Also try: Lego Landmarks
Challenge
Share
Tweet
Score 0/25 Timer 08:00
21 Plays Today
% Correct
Italy: Spanish Steps, Rome
83.9%
Greece: Whitewashed stairs, Oia, Santorini
80.3%
Peru: Machu Picchu
78.5%
Mexico: Pyramid of the Moon, Teotihuacán
70.7%
China: Potala Palace, Lhasa, Tibet
65.6%
United States: 'Rocky Steps', Philadelphia Museum of Art
61.2%
United Kingdom: Lang Stairs, Edinburgh Castle, Scotland
58.6%
Cambodia: Angkor Wat
56.4%
France: Sacré-Cœur Basilica, Paris
55.5%
Egypt: Temple of Hatshepsut, Deir el-Bahari
53%
Guatemala: Tikal
48.4%
Thailand: Naga stairway, Wat Phra That Doi Suthep
46.4%
Germany: Sanssouci Palace, Potsdam
31.6%
% Correct
Spain: Stairs at Park Güell, Barcelona
30.3%
India: Chand Baori stepwell, Rajasthan
26.6%
Malaysia: Entrance to Batu Caves
24.8%
Indonesia: Borobudur, Java
24.2%
Japan: Hyakudanen Garden, Awaji Island
22.4%
Canada: Butchart Gardens, Victoria, BC
22.1%
Iraq: Ziggurat of Ur
21.7%
Israel: Bahá'í Gardens, Haifa
11.6%
Portugal: Bom Jesus do Monte, Braga
10.4%
Vatican City: Double helix stairs, Vatican Museum
10.1%
Sri Lanka: Sigiriya Lion Gate and staircase
7.4%
Ukraine: Potemkin Stairs, Odessa
5.7%

You're not logged in!

Compare scores with friends on all Sporcle quizzes.
Sign Up with Email
OR
Log In

You Might Also Like...

Show Comments

Extras

Top Quizzes Today


Score Distribution

Your Account Isn't Verified!

In order to create a playlist on Sporcle, you need to verify the email address you used during registration. Go to your Sporcle Settings to finish the process.

Report this User

Report this user for behavior that violates our Community Guidelines.

Details: